000 02214nam0a2200421 i 4500
001 RU\NLR\bibl\1907975
005 20260405134044.0
010 _a9785911371913
_9120
021 _aRU
_b2012-34343
_92553
035 _a(nilc)LIBNET\0000224202
035 _a(NLR Aleph) 001897535
090 _a3003773
_c3003773
100 _a20120403d2012 k y0rusy50 ca
101 0 _arus
_deng
_eeng
102 _aRU
105 _aa |||||||||
200 1 _aКоренные малочисленные народы Севера: социально-экономические аспекты государственной политики
_fС.Н. Виноградова
_gРос. акад. наук, Кол. науч. центр, Центр гуманит. проблем Баренц региона
210 _aАпатиты
_cИзд-во Кольского научного центра РАН
_d2012
215 _a139 с.
_cил., карты, портр., табл.
_d26
300 _aАвт. также на англ. яз.: S. N. Vinogradova
300 _aРез. на англ. яз.
320 _aБиблиогр.: с. 111-119 и в подстроч. примеч.
510 1 _6z11790
_aIndigenous peoples of the North: socio-economic aspects of the state policy
_zeng
606 1 _aНароды Севера
_xСоциально-экономическое развитие
_92094294
_3RU\NLR\auth\661267289
686 _a63.3(2Рос-4Мур)
_vLBC/M
_2rubbk
686 _a65.9(2Рос-4Мур)
_vLBC/M
_2rubbk
686 _aУ03(2Р1)74
686 _aУ03(2Р31)74
686 _aТ3(2Р1)74-3
686 _aТ3(2Р31)74-3
700 1 _4070
_8rus
_7ca
_aВиноградова
_bС. Н.
_cканд. экон. наук, трудовые ресурсы
_f1967-
_gСветлана Николаевна
_3RU\NLR\auth\7754624
_937556
790 1 _4070
_8rus
_7ba
_aVinogradova
_bS. N.
_cканд. экон. наук, трудовые ресурсы
_f1967-
_gSvetlana Nikolaevna
_3RU\NLR\auth\7754627
_937559
801 0 _aRU
_bМурманская ГОУНБ
_c20120403
_grcr
801 1 _aRU
_bМурманская ГОУНБ
_c20120403
801 2 _aRU
_bNLR
_c20120530
_grcr
942 _cBOOK
980 _aNBR